00555nam a2200193Ia 4500003000400000005001700004008004100021040001800062041000800080082002100088100002400109245008200133250001200215260003500227300002800262650002600290650002300316650002200339OSt20240814111615.0210716s1962 xx 000 0 und d cAIMIT LIBRARY aeng a374.22 21bTUCB aTuchman, Barbara W. aProud tower : bportrait of the world before the war /hBy Barbara W Tuchman. a1st ed. aNew York :bMacmillan ,c1962. axiii,528p. ;bHBc25 cm aThe idea and the deed aThe steady drummer aTransfer of power